000 00959cpcaa2200277 4500
001 mm 79004872
003 DLC
005 20260227111648.0
008 791217|||||||||||| eng
010 _amm 79004872
040 _aDLC
_cDLC
_edacs
_dDLC
072 7 _aL
_2lcmd
100 1 _aStoddard, Richard Henry,
_d1825-1903.
245 0 0 _aAbraham Lincoln :
_kpoem,
_f1877.
300 _a1
_fitem.
506 0 _aOpen to research.
520 8 _aPhotocopy of a signed autograph poem, dated Christmas 1877.
533 _aPositive photocopy.
_b[S.l.]
545 0 _aArmy officer.
546 _aCollection material in English.
580 _aForms part of: Miscellaneous Manuscripts collection.
600 1 0 _aLincoln, Abraham,
_d1809-1865
_vPoetry.
656 7 _aArmy officers.
_2itoamc
999 _c41674
_d41674